[Event "HUN-chT2 Breyer 0708"]
[Site "Hungary"]
[Date "2008.03.16"]
[Round "8"]
[White "Martini, Balazs"]
[Black "Ivanics, Frigyes"]
[Result "1-0"]
[WhiteElo "2306"]
[BlackElo "2128"]
[PlyCount "73"]
[EventDate "2007.10.14"]
[EventType "team"]
[EventRounds "11"]
[EventCountry "HUN"]
[SourceTitle "EXT 2009"]
[Source "ChessBase"]
[SourceDate "2008.11.26"]
[SourceVersion "1"]
[SourceVersionDate "2008.11.26"]
[SourceQuality "1"]
[WhiteTeam "Hobagoly"]
[BlackTeam "Penzugyor II"]
[WhiteTeamCountry "HUN"]
[BlackTeamCountry "HUN"]

1. d4 Nf6 2. Bf4 d5 3. e3 Bf5 4. c4 c6 5. Qb3 Qb6 6. c5 Qxb3 7. axb3 Nbd7 8. Be2 e6 9. Nc3 Be7 10. b4 0-0 11. h3 a6 12. Nf3 h6 13. Nd2 Ne4 14. Ncxe4 dxe4 15. Nc4 Nf6 16. Na5 Nd5 17. Bg3 Nxb4 18. Ra4 Nd5 19. Nxb7 a5 20. 0-0 Ra7 21. Nd6 Bg6 22. Rfa1 Rfa8 23. Nc4 Bd8 24. Ne5 Nb4 25. Nc4 Nd5 26. R1a3 f5 27. Rb3 Be8 28. Bb8 Re7 29. f3 exf3 30. gxf3 f4 31. Bd6 Rea7 32. e4 Nb4 33. Bxf4 Nc2 34. Nd6 Bg6 35. Bd3 Nb4 36. Bc4 Re7 37. Rbxb4 1-0

[Event "HUN-chT2 Charousek 0607"]
[Site "Hungary"]
[Date "2007.04.15"]
[Round "8"]
[White "Ivanics, Frigyes"]
[Black "Nagy, Zoltan"]
[Result "1/2-1/2"]
[WhiteElo "2150"]
[BlackElo "2265"]
[PlyCount "61"]
[EventDate "2006.11.12"]
[EventType "team"]
[EventRounds "11"]
[EventCountry "HUN"]
[SourceTitle "EXT 2008"]
[Source "ChessBase"]
[SourceDate "2007.11.25"]
[SourceVersion "1"]
[SourceVersionDate "2007.11.25"]
[SourceQuality "1"]
[WhiteTeam "Penzugyor"]
[BlackTeam "Tapolca"]
[WhiteTeamCountry "HUN"]
[BlackTeamCountry "HUN"]

1. e4 c5 2. Nf3 d6 3. d4 cxd4 4. Nxd4 Nf6 5. Nc3 a6 6. Bc4 e6 7. Bb3 b5 8. f3 Be7 9. Be3 0-0 10. Qd2 Bd7 11. 0-0-0 Nc6 12. g4 Ne5 13. h4 b4 14. Nb1 a5 15. g5 Nxe4 16. fxe4 a4 17. Qxb4 axb3 18. axb3 Qc7 19. Qe1 Qb7 20. Bd2 Rfc8 21. Rh3 Nc6 22. Nf3 e5 23. Rg3 Be6 24. Bc3 Kh8 25. Na3 f5 26. gxf6 gxf6 27. Qe3 Rg8 28. Rdg1 Rxg3 29. Rxg3 Rg8 30. Rxg8+ Kxg8 31. Nc4 1/2-1/2

[Event "HUN-chT2 Breyer 0607"]
[Site "Hungary"]
[Date "2007.03.04"]
[Round "6"]
[White "Ivanics, Frigyes"]
[Black "Sziraki, Tamas"]
[Result "0-1"]
[WhiteElo "2150"]
[BlackElo "2309"]
[PlyCount "40"]
[EventDate "2006.11.12"]
[EventType "team"]
[EventRounds "11"]
[EventCountry "HUN"]
[SourceTitle "EXT 2008"]
[Source "ChessBase"]
[SourceDate "2007.11.25"]
[SourceVersion "1"]
[SourceVersionDate "2007.11.25"]
[SourceQuality "1"]
[WhiteTeam "Penzugyor II"]
[BlackTeam "BEAC Rufusz II"]
[WhiteTeamCountry "HUN"]
[BlackTeamCountry "HUN"]

1. e4 c5 2. Nf3 d6 3. d4 cxd4 4. Nxd4 Nf6 5. Nc3 a6 6. Bc4 e6 7. Bg5 Be7 8. Qf3 0-0 9. 0-0-0 Qc7 10. Bb3 Nc6 11. Qe2 b5 12. Nxc6 Qxc6 13. Nd5 Nxd5 14. exd5 Bxg5+ 15. Kb1 Qc5 16. dxe6 Bxe6 17. Bxe6 fxe6 18. Qxe6+ Kh8 19. Rd5 Qxf2 20. Rxg5 Rae8 0-1

[Event "HUN-chT2 Erkel 0506"]
[Site "Hungary"]
[Date "2006.04.23"]
[Round "11"]
[White "Ozsvath, Andras"]
[Black "Ivanics, Frigyes"]
[Result "0-1"]
[WhiteElo "2193"]
[BlackElo "2139"]
[PlyCount "78"]
[EventDate "2005.10.16"]
[EventType "team"]
[EventRounds "11"]
[EventCountry "HUN"]
[SourceTitle "EXT 2009"]
[Source "ChessBase"]
[SourceDate "2008.11.26"]
[SourceVersion "1"]
[SourceVersionDate "2008.11.26"]
[SourceQuality "1"]
[WhiteTeam "Paszto"]
[BlackTeam "Penzugyor II"]
[WhiteTeamCountry "HUN"]
[BlackTeamCountry "HUN"]

1. e4 e5 2. Nf3 Nc6 3. Bb5 a6 4. Ba4 Nf6 5. Bxc6 dxc6 6. d3 Bd6 7. Nbd2 0-0 8. Nc4 Bg4 9. h3 Bxf3 10. Qxf3 b5 11. Ne3 Nd7 12. Nf5 Qf6 13. h4 Rfe8 14. Rh3 Bf8 15. Be3 c5 16. 0-0-0 a5 17. Rg3 Kh8 18. Qg4 Qe6 19. Bh6 g6 20. Bxf8 Rxf8 21. h5 Rg8 22. hxg6 fxg6 23. Rh1 Nf6 24. Rgh3 gxf5 25. Qf3 f4 26. Rh6 Rg7 27. g3 Rf8 28. gxf4 Qg4 29. Qxg4 Nxg4 30. Rc6 c4 31. f5 cxd3 32. cxd3 Nxf2 33. Rhh6 Nxd3+ 34. Kd2 Nb4 35. Rce6 Rd8+ 36. Ke2 Nd3 37. Ra6 Nf4+ 38. Kf2 Rg2+ 39. Ke1 Re2+ 0-1

[Event "HUN-chT2 Erkel 0405"]
[Site "Hungary"]
[Date "2004.12.12"]
[Round "5"]
[White "Ivanics, Frigyes"]
[Black "Horvath, Karoly"]
[Result "1/2-1/2"]
[WhiteElo "2152"]
[BlackElo "2055"]
[PlyCount "118"]
[EventDate "2004.09.26"]
[EventType "team"]
[EventRounds "11"]
[EventCountry "HUN"]
[SourceTitle "EXT 2009"]
[Source "ChessBase"]
[SourceDate "2008.11.26"]
[SourceVersion "1"]
[SourceVersionDate "2008.11.26"]
[SourceQuality "1"]
[WhiteTeam "Penzugyor II"]
[BlackTeam "Fuzesabony"]
[WhiteTeamCountry "HUN"]
[BlackTeamCountry "HUN"]

1. e4 c5 2. Nf3 d6 3. d4 cxd4 4. Nxd4 Nf6 5. Nc3 a6 6. Bc4 e6 7. Bb3 b5 8. f3 Be7 9. Be3 0-0 10. g4 Bd7 11. Qd2 Nc6 12. 0-0-0 Nxd4 13. Bxd4 a5 14. a3 b4 15. Nb1 e5 16. Be3 bxa3 17. Nxa3 a4 18. Ba2 Qc7 19. h4 Rfb8 20. g5 Nh5 21. Rhg1 Qb7 22. c3 Be6 23. Bd5 Bxd5 24. exd5 Ra5 25. Rg2 Qb3 26. Qc2 Qa2 27. Qb1 Qb3 28. Qc2 Qb7 29. Qd2 Rc8 30. Rg4 Rb8 31. Rb4 Qa8 32. c4 Rc8 33. Kb1 g6 34. Rb6 Ra6 35. Qb4 Ng3 36. Rb7 Nf5 37. Bf2 Bf8 38. Qb5 Re8 39. Ba7 Rxa7 40. Rxa7 Qxa7 41. Qxe8 Nd4 42. Nb5 Nxb5 43. cxb5 a3 44. Qc6 Qa4 45. Rd3 axb2 46. Kxb2 e4 47. fxe4 Bg7+ 48. Kc1 Qxe4 49. Qc2 Be5 50. b6 Qe1+ 51. Qd1 Qb4 52. Rb3 Qc4+ 53. Kb1 Qe4+ 54. Rd3 Qb4+ 55. Qb3 Qe1+ 56. Rd1 Qe4+ 57. Ka2 Qe2+ 58. Kb1 Qe4+ 59. Ka2 Qe2+ 1/2-1/2

[Event "HUN-chT2 Erkel 0405"]
[Site "Hungary"]
[Date "2004.09.26"]
[Round "1"]
[White "Ivanics, Frigyes"]
[Black "Mullner, Janos"]
[Result "1-0"]
[WhiteElo "2152"]
[BlackElo "2042"]
[PlyCount "55"]
[EventDate "2004.09.26"]
[EventType "team"]
[EventRounds "11"]
[EventCountry "HUN"]
[SourceTitle "EXT 2009"]
[Source "ChessBase"]
[SourceDate "2008.11.26"]
[SourceVersion "1"]
[SourceVersionDate "2008.11.26"]
[SourceQuality "1"]
[WhiteTeam "Penzugyor II"]
[BlackTeam "Karpati"]
[WhiteTeamCountry "HUN"]
[BlackTeamCountry "HUN"]

1. e4 c6 2. d4 d5 3. Nc3 dxe4 4. Nxe4 Nf6 5. Nxf6+ gxf6 6. Be3 Qb6 7. Rb1 Be6 8. a3 Ba2 9. Ra1 Qxb2 10. Nf3 Rg8 11. g3 Bd5 12. Be2 Bxf3 13. Bxf3 Qc3+ 14. Kf1 e6 15. Kg2 Nd7 16. Rb1 0-0-0 17. Rb3 Qa5 18. Qe2 Nb6 19. c4 Rd7 20. Rhb1 Be7 21. d5 exd5 22. Bxb6 axb6 23. cxd5 cxd5 24. Bg4 Bc5 25. Bxd7+ Kxd7 26. Qf3 d4 27. Qxb7+ Kd6 28. Rxb6+ 1-0

[Event "HUN-chT2 Erkel 0304"]
[Site "Hungary"]
[Date "2004.04.18"]
[Round "11"]
[White "Suranyi, Pal"]
[Black "Ivanics, Frigyes"]
[Result "1-0"]
[WhiteElo "2180"]
[BlackElo "2172"]
[PlyCount "83"]
[EventDate "2003.09.28"]
[EventType "team"]
[EventRounds "11"]
[EventCountry "HUN"]
[SourceTitle "EXT 2009"]
[Source "ChessBase"]
[SourceDate "2008.11.26"]
[SourceVersion "1"]
[SourceVersionDate "2008.11.26"]
[SourceQuality "1"]
[WhiteTeam "Barcza"]
[BlackTeam "Penzugyor II"]
[WhiteTeamCountry "HUN"]
[BlackTeamCountry "HUN"]

1. d4 Nf6 2. Nf3 e6 3. c4 Bb4+ 4. Nc3 0-0 5. Qc2 c5 6. a3 Bxc3+ 7. Qxc3 cxd4 8. Nxd4 d5 9. e3 b6 10. Be2 Bb7 11. 0-0 Nbd7 12. b4 dxc4 13. Qxc4 Bd5 14. Qa6 Qb8 15. Bb2 Bb7 16. Qb5 Qd6 17. Rfd1 a6 18. Qg5 h6 19. Qh4 Qe5 20. Qh3 Rac8 21. f4 Qb8 22. g4 Nd5 23. g5 hxg5 24. Nxe6 fxe6 25. Qxe6+ Rf7 26. Bh5 Rcf8 27. Bxf7+ Rxf7 28. Rxd5 Bxd5 29. Qxd5 gxf4 30. Rf1 Kf8 31. Rxf4 Rxf4 32. exf4 Nf6 33. Bxf6 gxf6 34. Qd4 Ke7 35. Kf2 Qc7 36. Kf3 Kf7 37. h4 Qc8 38. Qxb6 Qh3+ 39. Ke4 Qxa3 40. h5 Qb3 41. Qc7+ Kf8 42. Qd8+ 1-0

[Event "HUN-chT2 Erkel 0304"]
[Site "Hungary"]
[Date "2004.01.25"]
[Round "6"]
[White "Takacs, Lajos"]
[Black "Ivanics, Frigyes"]
[Result "1/2-1/2"]
[WhiteElo "2262"]
[BlackElo "2172"]
[PlyCount "100"]
[EventDate "2003.09.28"]
[EventType "team"]
[EventRounds "11"]
[EventCountry "HUN"]
[SourceTitle "EXT 2009"]
[Source "ChessBase"]
[SourceDate "2008.11.26"]
[SourceVersion "1"]
[SourceVersionDate "2008.11.26"]
[SourceQuality "1"]
[WhiteTeam "Ujszasz"]
[BlackTeam "Penzugyor II"]
[WhiteTeamCountry "HUN"]
[BlackTeamCountry "HUN"]

1. e4 e5 2. Bc4 Nf6 3. d3 d5 4. exd5 Nxd5 5. Nf3 Nc6 6. h3 Be7 7. 0-0 0-0 8. Re1 Bf6 9. Nbd2 Be6 10. Ne4 Be7 11. Ng3 Qd6 12. Qe2 Nf4 13. Bxf4 exf4 14. Ne4 Qd7 15. Bb5 Qd5 16. c4 Qh5 17. Bxc6 bxc6 18. Nd4 Qxe2 19. Rxe2 Bd7 20. Nb3 f3 21. Re3 fxg2 22. Kxg2 Rab8 23. Nec5 Bxc5 24. Nxc5 Bf5 25. b3 Rfe8 26. Rae1 Kf8 27. Kg3 Rbd8 28. Kf4 g6 29. Rxe8+ Rxe8 30. Rxe8+ Kxe8 31. h4 h6 32. Ke5 Ke7 33. f4 f6+ 34. Kd4 g5 35. fxg5 hxg5 36. hxg5 fxg5 37. Ke5 g4 38. Kf4 Kf6 39. d4 Kg6 40. Na6 Kh5 41. Kg3 Kg5 42. Nxc7 Bb1 43. Ne6+ Kf5 44. Nd8 Bxa2 45. Nxc6 Bxb3 46. Nxa7 Bxc4 47. Nc6 Bd5 48. Ne7+ Ke4 49. Nxd5 Kxd5 50. Kxg4 Kxd4 1/2-1/2

[Event "HUN-chT3 0001"]
[Site "Hungary"]
[Date "2000.12.17"]
[Round "5.2"]
[White "Ivanics, Frigyes"]
[Black "Gallai, Janos"]
[Result "0-1"]
[WhiteElo "2190"]
[BlackElo "2290"]
[PlyCount "24"]
[EventDate "2000.10.29"]
[EventType "team"]
[EventRounds "11"]
[EventCountry "HUN"]
[SourceTitle "EXT 2007"]
[Source "ChessBase"]
[SourceDate "2006.11.23"]
[SourceVersion "1"]
[SourceVersionDate "2006.11.23"]
[SourceQuality "1"]

1. e4 e6 2. d4 d5 3. Nc3 c6 4. Nf3 b6 5. Bd3 Ba6 6. 0-0 Ne7 7. Re1 Bxd3 8. Qxd3 g6 9. Bg5 Bg7 10. exd5 cxd5 11. Qb5+ Qd7 12. Nxd5 Nxd5 0-1

[Event "HUN-chT3 0001"]
[Site "Hungary"]
[Date "2000.10.29"]
[Round "1.2"]
[White "Ivanics, Frigyes"]
[Black "Horvath, Gabor"]
[Result "0-1"]
[WhiteElo "2190"]
[BlackElo "2265"]
[PlyCount "84"]
[EventDate "2000.10.29"]
[EventType "team"]
[EventRounds "11"]
[EventCountry "HUN"]
[SourceTitle "EXT 2007"]
[Source "ChessBase"]
[SourceDate "2006.11.23"]
[SourceVersion "1"]
[SourceVersionDate "2006.11.23"]
[SourceQuality "1"]

1. e4 c5 2. Nf3 Nc6 3. d4 cxd4 4. Nxd4 e5 5. Nb5 d6 6. N1c3 a6 7. Na3 b5 8. Nd5 Nge7 9. c4 Nd4 10. Bd3 Nxd5 11. cxd5 Be7 12. 0-0 Bg5 13. Nc2 Nxc2 14. Qxc2 0-0 15. Qc6 Bg4 16. Bxg5 Qxg5 17. Qc1 Qe7 18. Qe3 f5 19. exf5 Bxf5 20. Bxf5 Rxf5 21. f4 Raf8 22. fxe5 Qxe5 23. Qxe5 Rxe5 24. Rxf8+ Kxf8 25. Rc1 Rxd5 26. Rc8+ Ke7 27. Ra8 Rd2 28. Rxa6 Rxb2 29. a4 bxa4 30. Rxa4 Rd2 31. h4 h5 32. Kh2 g6 33. Kg3 Kf6 34. Rf4+ Ke5 35. Rf8 Rd4 36. Rf2 Rg4+ 37. Kh3 d5 38. g3 Ke4 39. Kg2 d4 40. Re2+ Kd3 41. Re5 Re4 42. Rg5 Ke2 0-1

[Event "HUN-chT3 9900"]
[Site "Hungary"]
[Date "1999.11.14"]
[Round "4"]
[White "Szemeti, Arpad"]
[Black "Ivanics, Frigyes"]
[Result "1-0"]
[WhiteElo "2235"]
[BlackElo "2190"]
[PlyCount "69"]
[EventDate "1999.09.26"]
[EventType "team"]
[EventRounds "11"]
[EventCountry "HUN"]
[SourceTitle "EXT 2002"]
[Source "ChessBase"]
[SourceDate "2001.11.25"]
[SourceVersion "1"]
[SourceVersionDate "2001.11.25"]
[SourceQuality "1"]

1. d4 Nf6 2. c4 e5 3. dxe5 Ng4 4. Nf3 Bc5 5. e3 Nc6 6. Bd2 0-0 7. Be2 Ngxe5 8. Nxe5 Nxe5 9. Bc3 d6 10. b4 Bxe3 11. Bxe5 Bxf2+ 12. Kxf2 dxe5 13. Qxd8 Rxd8 14. Nc3 c6 15. Rhd1 Be6 16. Rxd8+ Rxd8 17. Rd1 Rxd1 18. Nxd1 f5 19. a3 Kf7 20. c5 Kf6 21. Nb2 g5 22. Bc4 Bd5 23. Bxd5 cxd5 24. b5 e4 25. a4 f4 26. a5 Ke6 27. c6 b6 28. axb6 axb6 29. Na4 d4 30. Nxb6 Kd6 31. Nc4+ Kc7 32. Ne5 h5 33. Nf7 g4 34. Ng5 e3+ 35. Ke2 1-0

[Event "HUN-chT3 9900"]
[Site "Hungary"]
[Date "1999.10.17"]
[Round "3"]
[White "Novothny, Andras"]
[Black "Ivanics, Frigyes"]
[Result "1/2-1/2"]
[WhiteElo "2330"]
[BlackElo "2190"]
[PlyCount "80"]
[EventDate "1999.09.26"]
[EventType "team"]
[EventRounds "11"]
[EventCountry "HUN"]
[SourceTitle "EXT 2002"]
[Source "ChessBase"]
[SourceDate "2001.11.25"]
[SourceVersion "1"]
[SourceVersionDate "2001.11.25"]
[SourceQuality "1"]

1. d4 Nf6 2. e3 g6 3. Be2 Bg7 4. Nf3 d6 5. 0-0 0-0 6. b3 c6 7. Nbd2 Nbd7 8. Bb2 Qc7 9. c3 e5 10. Qc2 Re8 11. Rfd1 exd4 12. cxd4 d5 13. Rac1 Nf8 14. Ne5 Bf5 15. Bd3 Bxd3 16. Qxd3 Ne6 17. e4 dxe4 18. Qc4 Rad8 19. Nf1 Nd5 20. Ne3 Nef4 21. g3 Nh3+ 22. Kg2 Nxe3+ 23. fxe3 Ng5 24. h4 Nf3 25. Nxf3 exf3+ 26. Kxf3 Qd7 27. Rf1 Qe7 28. Rce1 Qe4+ 29. Kf2 Rd5 30. Kg1 Qg4 31. Kh2 Bh6 32. Bc1 g5 33. hxg5 Bg7 34. Rf4 Qd7 35. Ref1 Re7 36. Qc2 Rxg5 37. Rf5 Rg6 38. Qf2 Rh6+ 39. Kg2 Qe6 40. Qf4 Rg6 1/2-1/2

[Event "Gyongyos op "]
[Site "Gyongyos"]
[Date "1995.??.??"]
[Round "?"]
[White "Ivanics, Frigyes"]
[Black "Kostin, Alexey"]
[Result "0-1"]
[WhiteElo "2185"]
[BlackElo "2310"]
[PlyCount "96"]
[EventDate "1995.??.??"]
[EventType "swiss"]
[EventRounds "9"]
[EventCountry "HUN"]
[SourceTitle "EXT 1999"]
[Source "ChessBase"]
[SourceDate "1998.11.16"]
[SourceVersion "1"]
[SourceVersionDate "1998.11.16"]
[SourceQuality "1"]

1. e4 c5 2. Nf3 e6 3. d4 cxd4 4. Nxd4 a6 5. Be3 Nf6 6. Nc3 Bb4 7. Bd3 d5 8. exd5 Nxd5 9. Bd2 Nxc3 10. bxc3 Be7 11. 0-0 0-0 12. Qf3 Nd7 13. Qh3 Nf6 14. Rfe1 e5 15. Nf5 Bxf5 16. Qxf5 e4 17. Bxe4 Qxd2 18. Bxb7 Rae8 19. Bc6 Rc8 20. Qf3 Bc5 21. Re2 Qd6 22. Ba4 Bb6 23. Bb3 Rfe8 24. Rxe8+ Rxe8 25. Rd1 Qc5 26. h4 h6 27. g4 Qe5 28. Kg2 Qe4 29. g5 hxg5 30. hxg5 Qxf3+ 31. Kxf3 Ne4 32. g6 Ng5+ 33. Kg4 Ne6 34. gxf7+ Kxf7 35. f4 Ke7 36. f5 Nc5 37. Bd5 Kf6 38. Bf3 Rd8 39. Rd5 Rxd5 40. Bxd5 Ba5 41. c4 Bd2 42. Bf3 Ke5 43. Be2 Ke4 44. Bf3+ Kd4 45. Bd5 Kc3 46. Kh5 Kxc2 47. Kg6 Bc3 48. Kf7 Bf6 0-1

[Event "Gyongyos op"]
[Site "Gyongyos"]
[Date "1994.??.??"]
[Round "?"]
[White "Gyurkovics, Miklos"]
[Black "Ivanics, Frigyes"]
[Result "1-0"]
[WhiteElo "2255"]
[BlackElo "2215"]
[PlyCount "65"]
[EventDate "1994.08.??"]
[EventType "swiss"]
[EventRounds "9"]
[EventCountry "HUN"]
[SourceTitle "EXT 1998"]
[Source "ChessBase"]
[SourceDate "1997.11.17"]
[SourceVersion "1"]
[SourceVersionDate "1997.11.17"]
[SourceQuality "1"]

1. c4 Nf6 2. Nc3 g6 3. e4 d6 4. d4 Bg7 5. Be2 0-0 6. Bg5 c6 7. Qd2 Re8 8. h4 h5 9. f3 Nbd7 10. Nh3 Nf8 11. Nf2 Qa5 12. Be3 Bd7 13. a3 c5 14. d5 a6 15. 0-0 Qc7 16. b4 b6 17. Rab1 Reb8 18. Rb3 Ra7 19. Rfb1 Rbb7 20. e5 dxe5 21. bxc5 bxc5 22. Rxb7 Rxb7 23. Rxb7 Qxb7 24. Bxc5 Bc8 25. Be3 Qb3 26. a4 N6d7 27. c5 f5 28. Nfd1 Qb4 29. c6 Nc5 30. Ne4 Qxd2 31. Nxd2 Nxa4 32. Bc4 e4 33. d6+ 1-0

[Event "Gyongyos op"]
[Site "Gyongyos"]
[Date "1994.??.??"]
[Round "?"]
[White "Ivanics, Frigyes"]
[Black "Sarkozi, Ferenc"]
[Result "1/2-1/2"]
[WhiteElo "2215"]
[BlackElo "2220"]
[PlyCount "20"]
[EventDate "1994.08.??"]
[EventType "swiss"]
[EventRounds "9"]
[EventCountry "HUN"]
[SourceTitle "EXT 1998"]
[Source "ChessBase"]
[SourceDate "1997.11.17"]
[SourceVersion "1"]
[SourceVersionDate "1997.11.17"]
[SourceQuality "1"]

1. e4 e6 2. d4 d5 3. Nc3 Nf6 4. Bg5 Be7 5. e5 Nfd7 6. Bxe7 Qxe7 7. f4 g6 8. Nf3 a6 9. Bd3 c5 10. Qd2 Nc6 1/2-1/2